Paroles - Ma vie est à toi, Indochine - Statistiques

Statistiques générales
  • Ce quiz a été pris 23 fois
  • Le résultat moyen est 122 sur 160
Statistiques - réponses
Réponse % Correct
à
100%
de
100%
des
100%
Des
100%
es
100%
et
100%
Je
100%
je
100%
le
100%
ma
100%
Ma
100%
mon
100%
qui
100%
te
100%
toi
100%
Tu
100%
vie
100%
est
93%
la
93%
les
93%
moi
93%
ne
93%
jours
87%
Nous
87%
par
87%
que
87%
se
87%
bat
80%
ce
80%
cœur
80%
donnerai
80%
près
80%
ton
80%
tout
80%
un
80%
bout
73%
cible
73%
juste
73%
n'étions
73%
On
73%
portant
73%
premiers
73%
tous
73%
vautours
73%
venue
73%
voulions
73%
avec
67%
comme
67%
dans
67%
encore
67%
m'as
67%
pas
67%
qu'une
67%
rester
67%
rêvais
67%
snipers
67%
sous
67%
survolés
67%
vivants
67%
adorions
60%
beaux
60%
ceux
60%
chance
60%
d'être
60%
dirait
60%
dit
60%
Donne-moi
60%
Donne-nous
60%
dont
60%
héros
60%
moment
60%
vers
60%
vraiment
60%
bas
53%
cacher
53%
conquérants
53%
Enfer
53%
fleurs
53%
lumière
47%
m'offrirai
47%
Oh ! oh ! oh !
47%
pleurs
47%
possible
47%
reviendront
47%
S'allonger
47%
étendue
40%
exigions
40%
fin
40%
J'allais
40%
noir
40%
parfois
40%
sans
40%
attendue
33%
Aucun quiz correspondant
Distribution des résultats
% des personnes avec chaque résultat
Percentile par nombre de réponses
Votre historique - résultats
Vous n’avez pas pris ce quiz